| 000 | 00587nam a22002177a 4500 | ||
|---|---|---|---|
| 003 | UA-OsUOA | ||
| 001 | 81485 | ||
| 007 | ta | ||
| 008 | 20120201b un ||||| |||| 00| 0 ukr d | ||
| 090 | _a271(479.22) | ||
| 942 | _cBK | ||
| 040 |
_aUA-OsUOA _cUA-OsUOA _dUA-OsUOA |
||
| 245 |
_aThe Ubisi Monastery _bIcons and wall painting _cBurtchuladze N. _n14 |
||
| 300 | _a280 с. | ||
| 955 | _a2 | ||
| 080 | _a271(479.22) | ||
| 020 | _a99940-0-922-2 | ||
| 260 |
_aTbilisi _c2006 |
||
| 650 | 7 |
_a27 Загальна історія Християнської церкви _2UDC |
|
| 999 |
_c367798 _d367798 |
||